| 000 | 00554nam a2200193Ia 4500 | ||
|---|---|---|---|
| 003 | IN-BaIIA | ||
| 008 | 211028s9999 xx 000 0 eng d | ||
| 020 | _a0-521-08341-9 | ||
| 040 | _cIIA Library | ||
| 080 |
_a551.510.5 _bRAT |
||
| 100 | _aRatcliffe, J. A | ||
| 245 | 3 |
_aAn Introduction to the ionosphere and magnetosphere _cJ. A. Ratcliffe |
|
| 260 |
_aCambridge _bCambridge University Press _c1972 |
||
| 300 | _ax, 256p. | ||
| 650 | _aAstronomy and astrophysics thesaurus | ||
| 650 | _aIonosphere | ||
| 650 |
_aMagnetospheres _98024 |
||
| 942 | _cBK | ||
| 999 |
_c4562 _d4562 |
||